Directory for the improvement of landed property : rural and suburban. 2 vols (Record no. 85783)

MARC details
000 -LEADER
fixed length control field 00441cam a2200169 4500
001 - CONTROL NUMBER
control field D12301
008 - FIXED-LENGTH DATA ELEMENTS--GENERAL INFORMATION
fixed length control field 090401t1882 xxu||||| |||| 00| 0 eng d
035 ## - SYSTEM CONTROL NUMBER
System control number (Sirsi) u2554
041 ## - LANGUAGE CODE
Language code of text/sound track or separate title eng
100 ## - MAIN ENTRY--PERSONAL NAME
Personal name Burn, R. Scott
245 ## - TITLE STATEMENT
Title Directory for the improvement of landed property : rural and suburban. 2 vols
260 ## - PUBLICATION, DISTRIBUTION, ETC.
Place of publication, distribution, etc. Edinburgh
Name of publisher, distributor, etc. William Paterson
Date of publication, distribution, etc. 1882
350 ## - PRICE (NR) (BK AM CF MU VM SE) [OBSOLETE]
Price 0
520 ## - SUMMARY, ETC.
Summary, etc. Shelf 150
942 ## - ADDED ENTRY ELEMENTS (KOHA)
Suppress in OPAC 0
948 ## - LOCAL PROCESSING INFORMATION (OCLC); SERIES PART DESIGNATOR (RLIN)
c (OCLC) 04/03/1997
Holdings
Withdrawn status Lost status Source of classification or shelving scheme Damaged status Not for loan Home library Current library Shelving location Date acquired Total Checkouts Full call number Barcode Date last seen Copy number Price effective from Koha item type
    Dewey Decimal Classification     London London Basement 06/08/1991   SHELF 150 30010851 06/08/2019 1 06/08/2019 Reference material
    Dewey Decimal Classification     London London Basement 14/09/1999   SHELF 150 30010852 06/08/2019 2 06/08/2019 Reference material